000 00487nam a22001817a 4500
999 _c31886
_d31886
003 OSt
005 20250422112336.0
008 250422b ||||| |||| 00| 0 eng d
020 _cRs175.00
040 _cimukc
041 _aeng
082 _a510
_bN326
245 _aMathematics and Statistics Digest : Standard XI (FYJC). Part I /
260 _aMumbai :
_bNavneet Publications (India) Limited,
300 _a392 p. :
_bill. ;
_c28 cm
650 0 _931
_aMathematics
942 _2ddc
_cBK